[Event "Barnaul Kura Memorial"]
[Site "Barnaul"]
[Date "2021.02.27"]
[Round "1"]
[White "Unzhakov, Vladislav"]
[Black "Motylev, Alexander"]
[Result "0-1"]
[WhiteElo "1842"]
[BlackElo "2641"]
[PlyCount "43"]
[EventDate "2021.02.27"]
[EventType "swiss (rapid)"]
[EventRounds "11"]
[EventCountry "RUS"]
[SourceTitle "CBM 200 Extra"]
[Source "ChessBase"]
[SourceDate "2021.03.31"]
[SourceVersion "1"]
[SourceVersionDate "2021.03.31"]
[SourceQuality "1"]

1. e4 c6 2. d4 d5 3. e5 c5 4. dxc5 e6 5. Be3 Nd7 6. Bb5 Qc7 7. Qd4 Ne7 8. b4 Nf5 9. Qc3 a5 10. a3 Nxe3 11. fxe3 b6 12. Nf3 bxc5 13. 0-0 axb4 14. axb4 Rxa1 15. Qxa1 cxb4 16. Qa4 Bc5 17. Nd4 0-0 18. Nd2 Qxe5 19. N4f3 Qxe3+ 20. Kh1 Nf6 21. Nb3 Ne4 22. Nxc5 0-1